Normal view
MARC view
- اعداد طبال، سهى عبد الرحيم
Entry Personal Name
001 - CONTROL NUMBER
- control field: 45992
003 - CONTROL NUMBER IDENTIFIER
- control field: JO-AjAnu
005 - DATE AND TIME OF LATEST TRANSACTION
- control field: 20230606081614.0
008 - FIXED-LENGTH DATA ELEMENTS
- fixed length control field: 230606|| aca||aabn | a|a d
040 ## - CATALOGING SOURCE
- Original cataloging agency: JO-AjAnu
- Transcribing agency: JO-AjAnu
100 ## - HEADING--PERSONAL NAME
- Personal name: اعداد طبال، سهى عبد الرحيم
670 ## - SOURCE DATA FOUND
- Source citation: Work cat.: (JO-AjAnu)23545: اعداد طبال، سهى عبد الرحيم , author, برنامج بورتيج للتعلم المبكر: قائمة الانشطة ( من 18 شهر ولغاية 9 سنوات)